Pre-Primary Science.Ages 5-7. (Record no. 105947)
[ view plain ]
| 000 -LEADER | |
|---|---|
| fixed length control field | 00347nam a2200133 a 4500 |
| 005 - DATE AND TIME OF LATEST TRANSACTION | |
| control field | 20140412111419.0 |
| 008 - FIXED-LENGTH DATA ELEMENTS--GENERAL INFORMATION | |
| fixed length control field | 070906s19uu xx 00 eng d |
| 020 ## - INTERNATIONAL STANDARD BOOK NUMBER | |
| International Standard Book Number | 983-00-1902-0 |
| 050 ## - LIBRARY OF CONGRESS CALL NUMBER | |
| Classification number | TR(GS 372.3 |
| Item number | P91 2007 |
| 245 ## - TITLE STATEMENT | |
| Title | Pre-Primary Science.Ages 5-7. |
| 260 ## - PUBLICATION, DISTRIBUTION, ETC. (IMPRINT) | |
| Place of publication, distribution, etc | Malaysia : |
| Name of publisher, distributor, etc | Pelangi books, |
| Date of publication, distribution, etc | 2006. |
| 300 ## - PHYSICAL DESCRIPTION | |
| Extent | 96p. |
| Withdrawn status | Lost status | Damaged status | Home library | Current library | Shelving location | Date acquired | Source of acquisition | Cost, normal purchase price | Total Checkouts | Full call number | Barcode | Date last seen | Price effective from | Koha item type |
|---|---|---|---|---|---|---|---|---|---|---|---|---|---|---|
| Elizalde Library | Elizalde Library | Teachers Reference Section | 09/06/2007 | 50.00 | TR(GS 372.3 P91 2007 | E11009 | 04/12/2014 | 04/12/2014 | Books |